[Event "North American op 33rd"]
[Site "Las Vegas"]
[Date "2023.12.29"]
[Round "8"]
[White "Ramya, Krishna Inapuri"]
[Black "Siddarth, M."]
[Result "1/2-1/2"]
[WhiteElo "2115"]
[BlackElo "2194"]
[PlyCount "84"]
[EventDate "2023.12.26"]
[EventType "swiss"]
[EventRounds "9"]
[EventCountry "USA"]
[SourceTitle "CB01_2024"]
[SourceDate "2024.01.03"]
[SourceVersion "1"]
[SourceVersionDate "2024.01.03"]
[SourceQuality "1"]

1. Nf3 Nf6 2. d4 e6 3. g3 b6 4. Bg2 Bb7 5. 0-0 Be7 6. b3 0-0 7. Bb2 c5 8. Nbd2 Nc6 9. e4 cxd4 10. Nxd4 Nxd4 11. Bxd4 Bc5 12. Bxc5 bxc5 13. e5 Bxg2 14. Kxg2 Ne8 15. Nc4 Qc7 16. Qd3 Rd8 17. Rad1 f6 18. f4 fxe5 19. fxe5 Rxf1 20. Kxf1 Qc6 21. Kg1 Nc7 22. Qd6 Qxd6 23. Nxd6 Nd5 24. Nb7 Rb8 25. Nd6 Rf8 26. c4 Ne3 27. Re1 Nc2 28. Rf1 Nd4 29. Rxf8+ Kxf8 30. Kf2 Nc6 31. Ne4 Nxe5 32. Nxc5 Ke7 33. Ke2 h5 34. Nd3 Ng4 35. h3 Nf6 36. Ke3 g5 37. Ne5 Ng8 38. h4 gxh4 39. gxh4 Nh6 40. Kf4 Nf5 41. Kg5 Ng3 42. Kf4 Nf5 1/2-1/2

[Event "Las Vegas National op"]
[Site "Las Vegas"]
[Date "2022.06.10"]
[Round "5"]
[White "Ngo, Bach"]
[Black "Siddarth, M."]
[Result "0-1"]
[WhiteElo "2327"]
[BlackElo "2159"]
[PlyCount "86"]
[EventDate "2022.06.08"]
[EventType "swiss"]
[EventRounds "9"]
[EventCountry "USA"]
[SourceTitle "CBM 208 Extra"]
[Source "ChessBase"]
[SourceDate "2022.07.31"]
[SourceVersion "1"]
[SourceVersionDate "2022.07.31"]
[SourceQuality "1"]

1. d4 Nf6 2. Nf3 e6 3. c4 b6 4. a3 Bb7 5. Nc3 d5 6. cxd5 Nxd5 7. Qc2 Nxc3 8. bxc3 Be7 9. e4 0-0 10. Bd3 c5 11. 0-0 cxd4 12. cxd4 Qc8 13. Qe2 Ba6 14. Rd1 Bxd3 15. Rxd3 Nd7 16. Bf4 Rd8 17. Rad1 Nf6 18. Bg5 Qb7 19. d5 exd5 20. exd5 Re8 21. Qb2 h6 22. Bh4 Nxd5 23. Rxd5 Bxh4 24. Qb3 Rad8 25. Qb5 Qe7 26. h3 Rxd5 27. Rxd5 Bf6 28. a4 Rd8 29. Nh2 Qe1+ 30. Nf1 Rc8 31. Rd3 Rc2 32. Rf3 Qe2 33. Ne3 Qxb5 34. axb5 Rc5 35. Rf5 Be5 36. Kf1 g6 37. Rf3 Rxb5 38. Ke2 Rb3 39. Kd2 Bd4 40. Kc2 Ra3 41. g4 b5 42. h4 b4 43. Rf4 b3+ 0-1

[Event "Las Vegas National op"]
[Site "Las Vegas"]
[Date "2022.06.10"]
[Round "4"]
[White "Siddarth, M."]
[Black "Khachiyan, Melikset"]
[Result "1/2-1/2"]
[WhiteElo "2159"]
[BlackElo "2446"]
[PlyCount "104"]
[EventDate "2022.06.08"]
[EventType "swiss"]
[EventRounds "9"]
[EventCountry "USA"]
[SourceTitle "CBM 208 Extra"]
[Source "ChessBase"]
[SourceDate "2022.07.31"]
[SourceVersion "1"]
[SourceVersionDate "2022.07.31"]
[SourceQuality "1"]

1. e4 e5 2. Nf3 Nc6 3. Bb5 a6 4. Ba4 d6 5. c3 Bd7 6. 0-0 Nge7 7. d4 Ng6 8. d5 Nb8 9. c4 Be7 10. Nc3 h6 11. Be3 Bg5 12. Qd2 Bxe3 13. fxe3 0-0 14. b4 a5 15. a3 Na6 16. Bxd7 Qxd7 17. Ne2 b5 18. a4 bxa4 19. b5 Nc5 20. Qc2 f5 21. exf5 Qxf5 22. Qxf5 Rxf5 23. Nc3 e4 24. Nd4 Rxf1+ 25. Kxf1 Ne5 26. Ne6 Nxc4 27. Nxc5 dxc5 28. Rxa4 Nb6 29. Ra2 a4 30. Nxe4 Nxd5 31. Nxc5 a3 32. Na6 c6 33. Rxa3 cxb5 34. Rd3 Nxe3+ 35. Rxe3 Rxa6 36. Re8+ Kf7 37. Rb8 Rf6+ 38. Ke2 Rf5 39. g4 Rc5 40. Rb6 h5 41. gxh5 Rxh5 42. Kf3 Rc5 43. Kg4 g6 44. h4 Kg7 45. Rb8 Rc4+ 46. Kg5 Rc5+ 47. Kg4 Rd5 48. Kf4 Rh5 49. Kg4 Kh7 50. Rb7+ Kh6 51. Rb8 Rc5 52. Rh8+ Kg7 1/2-1/2

[Event "Madurai Athens of the East op 1st"]
[Site "Madurai"]
[Date "2019.08.14"]
[Round "5"]
[White "Khusenkhojaev, Muhammad"]
[Black "Siddarth, M."]
[Result "1-0"]
[WhiteElo "2442"]
[BlackElo "2167"]
[PlyCount "99"]
[EventDate "2019.08.11"]
[EventType "swiss"]
[EventRounds "10"]
[EventCountry "IND"]
[SourceTitle "CBM 191 Extra"]
[Source "ChessBase"]
[SourceDate "2019.09.30"]
[SourceVersion "1"]
[SourceVersionDate "2019.09.30"]
[SourceQuality "1"]

1. d4 Nf6 2. c4 e6 3. g3 b6 4. Bg2 d5 5. Nc3 Bb7 6. cxd5 exd5 7. Bg5 Be7 8. Bxf6 Bxf6 9. Qa4+ Kf8 10. Nf3 Qd7 11. Qb3 Na6 12. 0-0 g6 13. Rad1 Kg7 14. Ne5 Bxe5 15. dxe5 Nc5 16. Qc2 Qe6 17. Nxd5 Rad8 18. Nxc7 Qxe5 19. Nb5 Bxg2 20. Kxg2 a6 21. Qc3 Qxc3 22. Nxc3 b5 23. a3 Na4 24. Rxd8 Rxd8 25. Rd1 Rb8 26. Nxa4 bxa4 27. Rd2 a5 28. e4 Rb5 29. Rd5 Rxb2 30. Rxa5 Ra2 31. Rxa4 h5 32. h4 Kg8 33. Kf3 Kg7 34. Ke3 Ra1 35. Ra7 Re1+ 36. Kf4 Re2 37. f3 Ra2 38. a4 Ra3 39. a5 Kg8 40. g4 hxg4 41. Kxg4 Ra1 42. a6 Rg1+ 43. Kf4 Rh1 44. Rc7 Kg7 45. a7 Rxh4+ 46. Kg3 Rh8 47. e5 g5 48. e6 Kf6 49. exf7 Ra8 50. Rb7 1-0

[Event "Chennai op 2nd"]
[Site "Chennai"]
[Date "2010.01.30"]
[Round "7"]
[White "Ramnath, Bhuvanesh R"]
[Black "Siddarth, M."]
[Result "1-0"]
[WhiteElo "2382"]
[BlackElo "1901"]
[PlyCount "111"]
[EventDate "2010.01.25"]
[EventType "swiss"]
[EventRounds "11"]
[EventCountry "IND"]
[SourceTitle "CBM 134 Extra"]
[Source "ChessBase"]
[SourceDate "2010.03.03"]
[SourceVersion "1"]
[SourceVersionDate "2010.03.03"]
[SourceQuality "1"]

1. e4 e5 2. Nf3 Nc6 3. Bb5 a6 4. Ba4 Nf6 5. 0-0 Be7 6. Re1 b5 7. Bb3 0-0 8. d4 d6 9. c3 Bg4 10. Be3 exd4 11. cxd4 d5 12. e5 Ne4 13. Nc3 Nxc3 14. bxc3 Na5 15. Bc2 Nc4 16. Qd3 g6 17. Bh6 Re8 18. h3 Bf5 19. Qe2 Qd7 20. Bxf5 Qxf5 21. g4 Qd7 22. Ng5 b4 23. Nxf7 Qe6 24. Ng5 Bxg5 25. Bxg5 bxc3 26. Qd3 c5 27. Bf6 cxd4 28. Qxd4 Nd2 29. Qxc3 Ne4 30. Qd4 Rac8 31. Rac1 h6 32. Rb1 Qf7 33. Rec1 Rxc1+ 34. Rxc1 Nxf6 35. exf6 Re6 36. Qf4 Qxf6 37. Qxh6 Rc6 38. Rxc6 Qxc6 39. h4 Qe6 40. Qg5 Qe1+ 41. Kg2 Qe4+ 42. Kg3 Qd3+ 43. f3 Qb1 44. Qxd5+ Kh7 45. Qf7+ Kh8 46. Qf8+ Kh7 47. Qf7+ Kh8 48. h5 Qe1+ 49. Kf4 Qc1+ 50. Ke5 Qb2+ 51. Kd6 Qa3+ 52. Kd7 Qa4+ 53. Ke7 Qa3+ 54. Kf6 Qxf3+ 55. Kxg6 Qxg4+ 56. Kh6 1-0